| 000 | 00633nam a2200193 i 4500 | ||
|---|---|---|---|
| 001 | 70609 | ||
| 003 | ES-MaACL | ||
| 005 | 20230906170851.0 | ||
| 007 | t| | ||
| 008 | 040728s1913 fr |||| | fre d | ||
| 100 | 1 |
_aGarcin, F. _955473 |
|
| 245 | 1 | 2 |
_aL'education des petits enfants par la methode Froebelienne / _cF. Garcin ; preface de M. Gabriel Compayré. |
| 260 |
_a[La Roche Sur Jou : _bs.n., _c1913] ( _fImp. Centre del Quest) |
||
| 300 |
_aXIII, 287 p. ; _c19 cm. |
||
| 600 | 1 | 4 |
_aFröbel, Friedrich. _952708 |
| 650 | 4 |
_aEnseñanza preescolar. _9151770 |
|
| 700 | 1 |
_aCompayré, Gabriel. _940046 |
|
| 852 |
_aES-MaACL _jF-2929 |
||
| 999 |
_c70609 _d70609 |
||